000 00506nam a2200181Ia 4500
003 IN-BaIIA
008 211028s9999 xx 000 0 eng d
020 _a1-85627-836-0
040 _cIIA Library
080 _a636.7
_bHAR
100 _aHarper, D
_920521
245 3 _aAn identification guide to dog breeds
_cD. Harper
260 _aLondon
_bGrange Books
_c1995
300 _a96p.
650 _aDog breeds
_99942
650 _aDogs
_99943
942 _cBK
999 _c11820
_d11820